| 000 | 01317cam a2200313 a 4500 | ||
|---|---|---|---|
| 001 | 14553328 | ||
| 003 | OSt | ||
| 005 | 20180117085948.0 | ||
| 008 | 060915s2007 caua b 000 0 eng | ||
| 010 | _a 2006030618 | ||
| 020 | _a9781412909273 (pbk. : alk. paper) | ||
| 040 |
_aDLC _cDLC _dDLC |
||
| 050 | 0 | 0 |
_aH61 _b.S4435 2007 |
| 082 | 0 | 0 |
_a300.72 _222 |
| 100 | 1 | _aSchwandt, Thomas A. | |
| 245 | 1 | 4 |
_aThe SAGE dictionary of qualitative inquiry / _cThomas A. Schwandt. |
| 250 | _a3rd ed. | ||
| 260 |
_aLos Angeles, Calif. : _bSage Publications, _cc2007. |
||
| 300 |
_axxxiii, 322 p. : _bill. ; _c23 cm. |
||
| 504 | _aIncludes bibliographical references. | ||
| 505 | 0 | _aA note on teaching and learning qualitative inquiry -- List of terms. | |
| 650 | 0 |
_aSocial sciences _xMethodology _vDictionaries. |
|
| 650 | 0 |
_aSocial sciences _xResearch _vDictionaries. |
|
| 856 | 4 | 1 |
_3Table of contents only _uhttp://www.loc.gov/catdir/toc/ecip071/2006030618.html |
| 906 |
_a7 _bcbc _corignew _d1 _eecip _f20 _gy-gencatlg |
||
| 942 |
_2ddc _cBK |
||
| 999 |
_c2733 _d2733 |
||